|
|
|
|
| LEADER |
01147nam a2200349 4500 |
| 001 |
DLU090094908 |
| 005 |
##20091201 |
| 040 |
# |
# |
|a DLU
|b eng
|
| 041 |
# |
# |
|a eng
|
| 044 |
# |
# |
|a us
|
| 245 |
# |
# |
|a Effects of particulate carbonaceous matter on the bioavailability of benzo[a]pyrene and 2,2,5,5-tetrachlorobiphenyl to the clam, macoma balthica /
|c Pamela B. McLeod ... [et al.].
|
| 653 |
# |
# |
|a Bioavailability
|
| 653 |
# |
# |
|a Chlorocarbon
|
| 653 |
# |
# |
|a Macoma balthica
|
| 653 |
# |
# |
|a Organic compounds
|
| 653 |
# |
# |
|a Organochlorine compounds
|
| 653 |
# |
# |
|a Polychlorobiphenyl
|
| 700 |
# |
# |
|a Allen-King, Richelle M.
|
| 700 |
# |
# |
|a Heuvel-Greve, Martine J. van den.
|
| 700 |
# |
# |
|a Luoma, Samuel N.
|
| 700 |
# |
# |
|a Luthy, Richard G.
|
| 700 |
# |
# |
|a McLeod, Pamela B.
|
| 773 |
# |
# |
|t Environmental Science & Technology
|g Vol. 38, no. 17 (September 2004), p. 4549-4556
|
| 920 |
# |
# |
|a Phòng Tạp chí -- Trung tâm Thông tin - Thư viện Trường Đại học Đà Lạt
|
| 994 |
# |
# |
|a DLU
|
| 900 |
# |
# |
|a True
|
| 911 |
# |
# |
|a Trương Bảo Trâm Anh
|
| 925 |
# |
# |
|a G
|
| 926 |
# |
# |
|a A
|
| 927 |
# |
# |
|a BB
|
| 980 |
# |
# |
|a Thư viện Trường Đại học Đà Lạt
|